000 00261nam a2200109Ia 4500
008 190216s9999||||xx |||||||||||||| ||und||
100 _aVidyaniwas Mishra
245 0 _aHindi - Raskhan Rachnavali
260 _bMahavir Book Depo
650 _aHindi
942 _cBK
999 _c16438
_d16438